Sports Quiz

Random Sports or NFL Quiz

NFL Single-Season QB Interception Leaders Quiz Stats

 Plays Quiz not verified by Sporcle

Score 0/18 Timer 05:00
0 Plays Today
Season and Team % Correct
2005 PackersBrett Favre
98.4%
1998 ColtsPeyton Manning
81.3%
1967 JetsJoe Namath
81.1%
1975 JetsJoe Namath
81.1%
1978 VikingsFran Tarkenton
71.8%
1988 BuccaneersVinny Testaverde
65.1%
1978 RaidersKen Stabler
55.9%
1980 OilersKen Stabler
55.9%
1962 OilersGeorge Blanda
42.1%
Season and Team % Correct
1965 OilersGeorge Blanda
42.1%
1947 BearsSid Luckman
36.3%
1955 49ersY.A. Tittle
27.7%
1967 CardinalsJim Hart
26.5%
1968 ChargersJohn Hadl
26.4%
1983 PackersLynn Dickey
25.7%
1980 JetsRichard Todd
21.1%
1960 BroncosFrank Tripucka
5.8%
1961 *Titans*Al Dorrow
0.7%

You're not logged in!

Compare scores with friends on all Sporcle quizzes.
OR
Log In

Show Comments

Extras

Top Quizzes Today


Score Distribution

Your Account Isn't Verified!

In order to create a playlist on Sporcle, you need to verify the email address you used during registration. Go to your Sporcle Settings to finish the process.

Report this User

Report this user for behavior that violates our Community Guidelines.

Details: